[Event "Tehran Alborz op 1st"]
[Site "Tehran"]
[Date "2014.03.06"]
[Round "1"]
[White "Darban Vaighani, Morteza"]
[Black "Davoodi, Milad"]
[Result "1-0"]
[WhiteElo "2365"]
[BlackElo "1765"]
[PlyCount "55"]
[EventDate "2014.03.06"]
[EventType "swiss"]
[EventRounds "11"]
[EventCountry "IRI"]
[SourceTitle "CBM 159 Extra"]
[Source "ChessBase"]
[SourceDate "2014.04.24"]
[SourceVersion "1"]
[SourceVersionDate "2014.04.24"]
[SourceQuality "1"]

1. e4 e6 2. d4 d5 3. Nd2 dxe4 4. Nxe4 Nd7 5. Bd3 Ngf6 6. Qe2 Nxe4 7. Bxe4 Nf6 8. Bxb7 Rb8 9. Bxc8 Qxc8 10. Nf3 Be7 11. 0-0 0-0 12. c4 Qa6 13. b3 Rxb3 14. axb3 Qxa1 15. d5 Qa6 16. dxe6 Qxe6 17. Qxe6 fxe6 18. Re1 Bb4 19. Rd1 Ba5 20. Be3 Rb8 21. h3 h6 22. Ra1 Bc3 23. Rxa7 Rxb3 24. Rxc7 e5 25. Nh4 e4 26. g4 Kh7 27. Nf5 Ne8 28. Re7 1-0